000 00400 a2200145 4500
245 _aThe Short Story in English
_hprint
020 _a0198126662 :
650 _aENGLISH LANGUAGE RHETORIC
650 _aENGLISH LITERATURE
005 20191021095224.0
260 _aenk
_bClarendon Press
_c1981
084 _aPR829 .A47
300 _a413 p.
_b 23 cm.
_c413 p. ; 23 cm.
500 _aWalter Allen.
999 _c11971
_d11971